000 00502cam a22002054a 4500
005 20250605164314.0
008 250528s ||||||||||||||||||||||||d
035 _a22617
020 _a9780030550249
040 _aGR-AtMCL
_bgre
_dGR-AtMCL
_eAACR2
245 1 _aCASES IN FINANCIAL MANAGEMENT
250 _a2
260 _bThe Dryden Press,
_c1994
300 _a357
700 1 _aBrigham Eugene F
_91101
700 1 _aGapenski Louis C
_91102
942 _cBK
999 _c7665
_d7665